Educación, medio ambiente y didáctica del entorno (Record no. 184790)

MARC details
000 -LEADER
campo de control de longitud fija 01002nam a2200265 i 4500
001 - NÚMERO DE CONTROL
campo de control 184790
003 - IDENTIFICADOR DE NÚMERO DE CONTROL
campo de control ES-MaACL
005 - FECHA Y HORA DE LA ÚLTIMA TRANSACCIÓN
campo de control 20250828001648.0
008 - DATOS DE LONGITUD FIJA--INFORMACIÓN GENERAL
campo de control de longitud fija 160104s2008 sp |||| | spa d
020 ## - NÚMERO INTERNACIONAL ESTÁNDAR DEL LIBRO
Número Internacional Estándar del Libro 978-84-7884-393-0
080 ## - NÚMERO DE LA CLASIFICACIÓN DECIMAL UNIVERSAL
Número de la Clasificación Decimal Universal 504:37.02
100 1# - ENTRADA PRINCIPAL--NOMBRE DE PERSONA
Nombre de persona Ruiz, Antonio.
9 (RLIN) 158430
245 10 - MENCIÓN DEL TÍTULO
Título Educación, medio ambiente y didáctica del entorno
Resto del título : teoría y prácticas /
Mención de responsabilidad, etc. Antonio Ruiz Heredia.
260 ## - PUBLICACIÓN, DISTRIBUCIÓN, ETC.
Lugar de publicación, distribución, etc. Madrid :
Nombre del editor, distribuidor, etc. Popular,
Fecha de publicación, distribución, etc. [2008]
300 ## - DESCRIPCIÓN FÍSICA
Extensión 186 p. ;
Dimensiones 21 cm.
490 1# - MENCIÓN DE SERIE
Mención de serie Experiencias pedagógicas ;
Designación de volumen o secuencia 5
504 ## - NOTA DE BIBLIOGRAFÍA, ETC.
Nota de bibliografía, etc. Bibliografía: p. [181]-183.
505 8# - NOTA DE CONTENIDO CON FORMATO
Nota de contenido con formato Contiene: ;
Título Declaración de Tbilisi ;
-- Cronología de eventos internacionales relacionados con la Educación Ambiental
650 07 - PUNTO DE ACCESO ADICIONAL DE MATERIA--TÉRMINO DE MATERIA
Término de materia o nombre geográfico como elemento de entrada Educación ambiental
Fuente del encabezamiento o término embne
9 (RLIN) 12086
650 04 - PUNTO DE ACCESO ADICIONAL DE MATERIA--TÉRMINO DE MATERIA
Término de materia o nombre geográfico como elemento de entrada Medio ambiente-
Subdivisión general Protección.
9 (RLIN) 14959
830 0# - PUNTO DE ACCESO ADICIONAL DE SERIE-TÍTULO UNIFORME
Título uniforme Experiencias pedagógicas ;
Designación de volumen o secuencia 5
9 (RLIN) 225135
852 ## - LOCALIZACIÓN
Ubicación ES-MaACL
Número de control de estantería A-13549
itemnumber 191805
Sublocalización o colección R.150444
Ubicación en estantería Depósito 1
Signatura antigua Olim: N-6549
942 ## - ELEMENTOS DE ENTRADA SECUNDARIOS (KOHA)
Fuente del sistema de clasificación o colocación Clasificación decimal universal
Holdings
Estatus retirado Estado de pérdida Fuente del sistema de clasificación o colocación Estado de daño No para préstamo Biblioteca de origen Biblioteca actual Ubicación en estantería Fecha de adquisición Fuente de adquisición Total de préstamos Signatura topográfica completa Código de barras Visto por última vez Precio de reemplazo Tipo de ítem Koha
    Clasificación decimal universal     Biblioteca del Ateneo de Madrid Biblioteca del Ateneo de Madrid Depósito 1 04/01/2016 Donación   A-13549 1194591 23/02/2023 23/02/2023 Libro impreso